000 00360nam a2200157Ia 4500
008 241014s9999||||xx |||||||||||||| ||und||
020 _a9780199212644
060 _aHD 31 S 2009
100 _aSturdy, Andrew
245 0 _aManagement Consultancy
250 _a2009
260 _aOxford
_bOUP
300 _a204
650 _aManagement
942 _bIBHM
_cBK
999 _c16295
_d16295